[Event "Deutsche Ländermeisterschaft 2003"]
[Site "Kassel GER"]
[Date "2003.10.19"]
[Round "1"]
[White "Krämer, Martin"]
[Black "de Wiljes, Jan-Hendrik"]
[Result "1/2-1/2"]
[Termination "normal"]
[Board "1.1"]
[WhiteElo "2213"]
[BlackElo "2254"]
[WhiteTeam "Thüringen"]
[BlackTeam "Niedersachsen"]
[PlyCount "110"]
[WhiteFideId "4671910"]
[EventCountry "GER"]
[EventRounds "7"]
[EventType "team-swiss"]
[EventDate "2003.10.18"]

1. e4 g6 2. d4 Bg7 3. Nc3 c6 4. Nf3 d5 5. Bf4 dxe4 6. Nxe4 Qb6 7. b3 Bf5 8. Ng3
Bg4 9. Bc4 Bxf3 10. Qxf3 Nf6 11. O-O O-O 12. Rfe1 e6 13. Rad1 Nbd7 14. Bc1 Rad8
15. Bb2 Qa5 16. a3 Nd5 17. Bf1 b5 18. c4 bxc4 19. bxc4 Ne7 20. Ne4 Qc7 21. Bc1
Nf5 22. Bf4 e5 23. dxe5 Nxe5 24. Qc3 Rxd1 25. Rxd1 Qe7 26. Bg5 Qe6 27. Nc5 Qe8
28. Qa5 h6 29. Bf4 Qe7 30. h3 Nh4 31. Bg3 Qg5 32. Kh1 Nf5 33. Bxe5 Bxe5 34. Nd7
Bd4 35. Rxd4 Ng3+ 36. fxg3 Qxa5 37. Nxf8 Kxf8 38. Rd3 f5 39. Rf3 Ke7 40. Kh2
Qe5 41. Bd3 Kd6 42. h4 h5 43. Bf1 Kc5 44. Rf4 Kb6 45. Rf3 Ka5 46. Bd3 Qd4 47.
Bf1 c5 48. Rf4 Qd2 49. Rf3 Qc1 50. Be2 Ka4 51. Bd3 a6 52. Be2 a5 53. Rd3 Qxc4
54. Bd1+ Kb5 55. Be2 Ka4 1/2-1/2

[Event "Deutsche Ländermeisterschaft 2003"]
[Site "Kassel GER"]
[Date "2003.10.19"]
[Round "1"]
[White "Lubbe, Nikolas"]
[Black "Lange, Corinna"]
[Result "1/2-1/2"]
[Termination "normal"]
[Board "1.2"]
[WhiteElo "2103"]
[BlackElo "2142"]
[WhiteTeam "Niedersachsen"]
[BlackTeam "Thüringen"]
[PlyCount "85"]
[WhiteFideId "4694031"]
[EventCountry "GER"]
[EventRounds "7"]
[EventType "team-swiss"]
[EventDate "2003.10.18"]

1. d4 e6 2. Nf3 f5 3. g3 b6 4. Bg2 Bb7 5. O-O Nf6 6. b3 Be7 7. a4 O-O 8. Ba3
Bxa3 9. Nxa3 d6 10. Re1 Ne4 11. e3 Nd7 12. c4 Ndf6 13. Qc2 Qe7 14. a5 c5 15.
Nb1 Qc7 16. Nfd2 Rab8 17. f3 Nxd2 18. Nxd2 Kh8 19. Ra2 bxa5 20. Qc3 a6 21. Qxa5
Qe7 22. Qc3 Nd7 23. f4 Bxg2 24. Kxg2 Nf6 25. Kg1 Qb7 26. Rea1 Ra8 27. dxc5 dxc5
28. Qe5 Qc6 29. Ra5 Nd7 30. Qc3 Rfd8 31. b4 cxb4 32. Qxb4 Nf6 33. Qc3 Rd6 34.
c5 Rdd8 35. Nb3 Ne4 36. Qc2 Rd7 37. Nd4 Qd5 38. Rxa6 Re8 39. c6 Rc7 40. R1a5
Qd8 41. Nb5 Rxc6 42. Rxc6 Qxa5 43. Nc3 1/2-1/2

[Event "Deutsche Ländermeisterschaft 2003"]
[Site "Kassel GER"]
[Date "2003.10.19"]
[Round "1"]
[White "Siebarth, Raiko"]
[Black "Wiegmann, Sascha"]
[Result "1/2-1/2"]
[Termination "normal"]
[Board "1.3"]
[WhiteElo "2117"]
[BlackElo "2156"]
[WhiteTeam "Thüringen"]
[BlackTeam "Niedersachsen"]
[PlyCount "81"]
[WhiteFideId "4674766"]
[BlackFideId "4682041"]
[EventCountry "GER"]
[EventRounds "7"]
[EventType "team-swiss"]
[EventDate "2003.10.18"]

1. e4 c5 2. Nf3 Nc6 3. d4 cxd4 4. Nxd4 Nf6 5. Nc3 e5 6. Ndb5 d6 7. Bg5 a6 8.
Na3 b5 9. Nd5 Be7 10. Bxf6 Bxf6 11. c3 Bg5 12. Nc2 O-O 13. a4 bxa4 14. Rxa4 a5
15. Nce3 Be6 16. Bb5 Bxe3 17. Bxc6 Rc8 18. Nxe3 Rxc6 19. O-O Qb6 20. Qa1 Rc5
21. b4 axb4 22. cxb4 Rb5 23. Qa3 Rb8 24. Ra6 Qb7 25. Rxd6 Qxe4 26. Rfd1 h6 27.
Qc3 Qxb4 28. Qc2 Qa5 29. Qe4 Rb4 30. Rd8+ Rxd8 31. Rxd8+ Qxd8 32. Qxb4 Qd3 33.
h3 Qd4 34. Qb8+ Kh7 35. Qb1+ g6 36. Qb5 g5 37. Qb7 Kg6 38. Qb1+ e4 39. Qb5 f5
40. g4 fxg4 41. hxg4 1/2-1/2

[Event "Deutsche Ländermeisterschaft 2003"]
[Site "Kassel GER"]
[Date "2003.10.19"]
[Round "1"]
[White "Bäumler, Ilja"]
[Black "Siebarth, Marco"]
[Result "1/2-1/2"]
[Termination "normal"]
[Board "1.4"]
[WhiteElo "2153"]
[BlackElo "1733"]
[WhiteTeam "Niedersachsen"]
[BlackTeam "Thüringen"]
[PlyCount "130"]
[WhiteFideId "4681070"]
[BlackFideId "24604330"]
[EventCountry "GER"]
[EventRounds "7"]
[EventType "team-swiss"]
[EventDate "2003.10.18"]

1. e4 d5 2. exd5 Qxd5 3. Nc3 Qa5 4. d4 c6 5. Bc4 Nf6 6. Nf3 Bg4 7. Bd2 Qc7 8.
Qe2 Bxf3 9. Qxf3 e6 10. O-O-O Nbd7 11. g4 Nb6 12. Bb3 O-O-O 13. g5 Nfd5 14.
Nxd5 exd5 15. h4 Bd6 16. Kb1 Rde8 17. Rde1 Re6 18. Rxe6 fxe6 19. Qg4 Qd7 20.
Re1 e5 21. Qxd7+ Nxd7 22. Be3 Rf8 23. c3 a6 24. Rc1 b5 25. a4 e4 26. axb5 axb5
27. Rg1 Bf4 28. Bd1 Bxe3 29. fxe3 Rf2 30. h5 Nf8 31. b3 Kc7 32. c4 bxc4 33.
bxc4 Rf5 34. cxd5 cxd5 35. g6 hxg6 36. hxg6 Rf6 37. Rg5 Rd6 38. Bb3 Kc6 39.
Ba4+ Kc7 40. Be8 Ne6 41. Rf5 Kd8 42. Bf7 Ke7 43. Kc2 Nc7 44. Kc3 Rc6+ 45. Kd2
Rf6 46. Rh5 Rd6 47. Ke2 Kf6 48. Kf2 Ne6 49. Re5 Ng5 50. Rxd5 Rxd5 51. Bxd5 Kxg6
52. Kg3 Kf5 53. Bb7 Nf3 54. Bc8+ Kf6 55. Kf4 Nd2 56. Ba6 g5+ 57. Kg4 Nb1 58.
Bc4 Nc3 59. Bb3 Ne2 60. d5 Ke5 61. Kxg5 Nc3 62. Kg6 Nxd5 63. Bxd5 Kxd5 64. Kf5
Kd6 65. Kxe4 Ke6 1/2-1/2

[Event "Deutsche Ländermeisterschaft 2003"]
[Site "Kassel GER"]
[Date "2003.10.19"]
[Round "1"]
[White "Forchmann, Anneliese"]
[Black "Romakin, Helene"]
[Result "0-1"]
[Termination "normal"]
[Board "1.5"]
[WhiteElo "1627"]
[BlackElo "2081"]
[WhiteTeam "Thüringen"]
[BlackTeam "Niedersachsen"]
[PlyCount "82"]
[BlackFideId "24605964"]
[EventCountry "GER"]
[EventRounds "7"]
[EventType "team-swiss"]
[EventDate "2003.10.18"]

1. e4 c5 2. Nf3 d6 3. d4 cxd4 4. Nxd4 Nf6 5. Nc3 g6 6. Be3 Bg7 7. f3 Nc6 8. Bc4
O-O 9. Qd2 Nd7 10. O-O-O Nb6 11. Bb3 Na5 12. Qd3 Bd7 13. h4 Rc8 14. g4 Nbc4 15.
Bxc4 Nxc4 16. h5 Nxe3 17. Qxe3 Rc4 18. hxg6 fxg6 19. Nd5 e6 20. Nc3 Qb6 21. e5
Rf7 22. f4 Qc5 23. Ne4 Qa5 24. Nxd6 Qxa2 25. Nxc4 Qxc4 26. f5 Qa2 27. f6 Bf8
28. Nb3 a5 29. Qb6 a4 30. Nc5 Bc6 31. Rh3 Qc4 32. Nd3 Qxg4 33. Qe3 Qc4 34. Rg1
a3 35. bxa3 Ba4 36. Rg2 Bxa3+ 37. Kd1 Qa2 38. Qh6 Qb1+ 39. Nc1 Rd7+ 40. Rd3
Rxd3+ 41. Ke2 Qxc2+ 0-1

[Event "Deutsche Ländermeisterschaft 2003"]
[Site "Kassel GER"]
[Date "2003.10.19"]
[Round "1"]
[White "Seeger, Franziska"]
[Black "Forchmann, Georg"]
[Result "1-0"]
[Termination "normal"]
[Board "1.6"]
[WhiteElo "2064"]
[BlackElo "1627"]
[WhiteTeam "Niedersachsen"]
[BlackTeam "Thüringen"]
[PlyCount "45"]
[WhiteFideId "4690982"]
[EventCountry "GER"]
[EventRounds "7"]
[EventType "team-swiss"]
[EventDate "2003.10.18"]

1. e4 e6 2. d4 d5 3. Nc3 Bb4 4. Nge2 c5 5. dxc5 Nf6 6. Bg5 Bxc5 7. exd5 Qb6 8.
Bh4 Ng4 9. Ne4 Qb4+ 10. N2c3 e5 11. Bb5+ Kf8 12. a3 Qd4 13. Qf3 Be7 14. Bxe7+
Kxe7 15. Rd1 Qb6 16. d6+ Kf8 17. d7 Nxd7 18. Bxd7 Bxd7 19. Rxd7 Nh6 20. Nd6 f6
21. O-O Qxb2 22. Rxb7 Qxa3 23. Rb3 1-0

[Event "Deutsche Ländermeisterschaft 2003"]
[Site "Kassel GER"]
[Date "2003.10.19"]
[Round "1"]
[White "Friedt, Edmund"]
[Black "Bradler, Stephan"]
[Result "1-0"]
[Termination "normal"]
[Board "1.7"]
[WhiteElo "1303"]
[BlackElo "1559"]
[WhiteTeam "Thüringen"]
[BlackTeam "Niedersachsen"]
[PlyCount "113"]
[WhiteFideId "24629545"]
[BlackFideId "24629367"]
[EventCountry "GER"]
[EventRounds "7"]
[EventType "team-swiss"]
[EventDate "2003.10.18"]

1. e4 e5 2. Nf3 Nc6 3. Bb5 Nf6 4. O-O Nxe4 5. Re1 Nd6 6. Nxe5 Nxe5 7. Rxe5+ Be7
8. Ba4 O-O 9. d3 a6 10. Nc3 b5 11. Bb3 Bb7 12. Bd5 Bf6 13. Bxb7 Bxe5 14. Bxa8
Qxa8 15. a3 Qc6 16. Bd2 a5 17. Rb1 Qa8 18. Qg4 f5 19. Qd1 c6 20. Be3 f4 21. Bc5
Re8 22. d4 Nb7 23. dxe5 Nxc5 24. b4 Na4 25. Nxa4 bxa4 26. h3 Qa7 27. Qd6 Re6
28. Qd2 Rxe5 29. Qxf4 Qc7 30. Qc4+ d5 31. Qc3 axb4 32. Rxb4 Re4 33. Rxe4 dxe4
34. Qc4+ Qf7 35. Qxc6 Qf4 36. Qe8+ Qf8 37. Qxa4 Qf4 38. Qe8+ Qf8 39. Qxf8+ Kxf8
40. Kf1 Ke7 41. Ke2 Kd6 42. Ke3 Kd5 43. a4 Kc4 44. Kxe4 Kb4 45. Kd4 Kxa4 46. c4
Ka5 47. Kc5 Ka6 48. Kc6 Ka7 49. c5 g5 50. Kd7 h5 51. c6 g4 52. hxg4 h4 53. c7
h3 54. gxh3 Ka8 55. Kc6 Ka7 56. c8=R Ka6 57. Ra8# 1-0

[Event "Deutsche Ländermeisterschaft 2003"]
[Site "Kassel GER"]
[Date "2003.10.19"]
[Round "1"]
[White "Kickert, Germaine Helene"]
[Black "Eckoldt, Katja"]
[Result "1-0"]
[Termination "normal"]
[Board "1.8"]
[WhiteElo "1315"]
[BlackElo "1206"]
[WhiteTeam "Niedersachsen"]
[BlackTeam "Thüringen"]
[PlyCount "83"]
[WhiteFideId "24614890"]
[EventCountry "GER"]
[EventRounds "7"]
[EventType "team-swiss"]
[EventDate "2003.10.18"]

1. e4 c5 2. c3 d5 3. exd5 Qxd5 4. d4 cxd4 5. cxd4 Qd8 6. Nf3 e6 7. Bc4 Nf6 8.
Bg5 Be7 9. Nc3 O-O 10. O-O Nbd7 11. d5 exd5 12. Nxd5 Nxd5 13. Qxd5 Nb6 14. Qxd8
Bxd8 15. Bb3 Bc7 16. Rac1 Bb8 17. Rfe1 Bg4 18. Rc3 a5 19. a3 Kh8 20. Re7 f6 21.
Rxb7 fxg5 22. Rxb6 Bxf3 23. Rxf3 Rxf3 24. gxf3 Bc7 25. Rc6 Be5 26. Rc2 Rb8 27.
Rc5 Bxb2 28. Rxa5 h6 29. Bc4 Rf8 30. Bd3 Bc3 31. Rf5 Ra8 32. a4 Kg8 33. Bc4+
Kh8 34. Bb5 Kg8 35. Bc6 Ra6 36. Bb5 Rd6 37. Bc4+ Kh7 38. Rd5 Rf6 39. Kg2 Rf4
40. Bb5 Rf8 41. Bc6 Rc8 42. Rc5 1-0

[Event "Deutsche Ländermeisterschaft 2003"]
[Site "Kassel GER"]
[Date "2003.10.19"]
[Round "1"]
[White "Ortmann, David"]
[Black "Döhn, Raphael"]
[Result "1-0"]
[Termination "normal"]
[Board "2.1"]
[WhiteElo "2280"]
[BlackElo "2101"]
[WhiteTeam "Württemberg"]
[BlackTeam "Sachsen"]
[PlyCount "63"]
[WhiteFideId "4651588"]
[BlackFideId "4695291"]
[EventCountry "GER"]
[EventRounds "7"]
[EventType "team-swiss"]
[EventDate "2003.10.18"]

1. Nf3 Nf6 2. c4 g6 3. Nc3 Bg7 4. e4 d6 5. d4 O-O 6. Be2 e5 7. O-O Nc6 8. d5
Ne7 9. b4 Nh5 10. Re1 f5 11. Ng5 Nf6 12. Bf3 c6 13. Be3 f4 14. Bc1 h6 15. Ne6
Bxe6 16. dxe6 Nc8 17. b5 Qe7 18. bxc6 bxc6 19. c5 Qxe6 20. Ba3 Rd8 21. Qd3 d5
22. exd5 cxd5 23. Rad1 Ne7 24. c6 e4 25. c7 Rd7 26. Bxe7 Rxe7 27. Bxe4 dxe4 28.
Qd8+ Re8 29. Qxa8 Rxa8 30. Rd8+ Qe8 31. Red1 Kf7 32. Rxa8 1-0

[Event "Deutsche Ländermeisterschaft 2003"]
[Site "Kassel GER"]
[Date "2003.10.19"]
[Round "1"]
[White "Kürsten, Rüdiger"]
[Black "Mijatovic, Vladimir"]
[Result "0-1"]
[Termination "normal"]
[Board "2.2"]
[WhiteElo "1989"]
[BlackElo "2126"]
[WhiteTeam "Sachsen"]
[BlackTeam "Württemberg"]
[PlyCount "108"]
[WhiteFideId "24605816"]
[BlackFideId "934062"]
[EventCountry "GER"]
[EventRounds "7"]
[EventType "team-swiss"]
[EventDate "2003.10.18"]

1. Nf3 f5 2. g3 Nf6 3. Bg2 g6 4. O-O Bg7 5. d4 O-O 6. c4 d6 7. Nc3 Qe8 8. Re1
h6 9. b3 Na6 10. Bb2 Qf7 11. Rc1 c5 12. dxc5 Nxc5 13. Nd5 Nce4 14. Nxf6+ Bxf6
15. Bxf6 Qxf6 16. Nd2 Ng5 17. Nb1 f4 18. Nc3 fxg3 19. fxg3 Nh3+ 20. Bxh3 Qf2+
21. Kh1 Bxh3 22. Rg1 Rf7 23. g4 Raf8 24. Qd3 Qh4 25. Qxg6+ Rg7 26. Qh5 Qxh5 27.
gxh5 Bg4 28. Nd5 Rff7 29. h4 Bxe2 30. Rxg7+ Kxg7 31. Rg1+ Kh7 32. Kh2 Bxh5 33.
Re1 e5 34. Kg3 Kg6 35. Re3 Kf5 36. Nc3 Ke6 37. Rd3 a6 38. a4 Rg7+ 39. Kh3 Bg4+
40. Kh2 Bf5 41. Rf3 Rg4 42. Nd5 Rxh4+ 43. Kg1 e4 44. Re3 Ke5 45. Ne7 Rg4+ 46.
Kh2 Be6 47. Rh3 Rg7 48. Rh5+ Kf4 49. Nd5+ Bxd5 50. Rxd5 Rg6 51. c5 dxc5 52.
Rxc5 e3 53. Rc7 e2 54. Rf7+ Ke5 0-1

[Event "Deutsche Ländermeisterschaft 2003"]
[Site "Kassel GER"]
[Date "2003.10.19"]
[Round "1"]
[White "Behm, Simon"]
[Black "Beltz, Franziska"]
[Result "1-0"]
[Termination "normal"]
[Board "2.3"]
[WhiteElo "2045"]
[BlackElo "1987"]
[WhiteTeam "Württemberg"]
[BlackTeam "Sachsen"]
[PlyCount "65"]
[WhiteFideId "4691962"]
[BlackFideId "4681401"]
[EventCountry "GER"]
[EventRounds "7"]
[EventType "team-swiss"]
[EventDate "2003.10.18"]

1. d4 Nf6 2. c4 g6 3. Nc3 Bg7 4. e4 d6 5. Nf3 O-O 6. Be2 e5 7. O-O Nc6 8. d5
Ne7 9. b4 a5 10. Ba3 axb4 11. Bxb4 Nd7 12. Nd2 f5 13. a4 fxe4 14. Ndxe4 Nf5 15.
Ra3 Nd4 16. Bg4 Rf4 17. f3 b6 18. Ne2 Nxe2+ 19. Qxe2 Nf6 20. Bxc8 Qxc8 21. Bd2
Nxe4 22. Bxf4 Nc3 23. Rxc3 exf4 24. Ra3 Bd4+ 25. Kh1 Be3 26. g3 g5 27. gxf4
gxf4 28. Qg2+ Kf7 29. Qg5 Qh3 30. Qg2 Qd7 31. Qg4 Qxg4 32. fxg4 Rg8 33. Rxe3
1-0

[Event "Deutsche Ländermeisterschaft 2003"]
[Site "Kassel GER"]
[Date "2003.10.19"]
[Round "1"]
[White "Hartmann, Tom"]
[Black "Häcker, Sonja"]
[Result "1-0"]
[Termination "normal"]
[Board "2.4"]
[WhiteElo "2008"]
[BlackElo "2028"]
[WhiteTeam "Sachsen"]
[BlackTeam "Württemberg"]
[PlyCount "107"]
[WhiteFideId "4695399"]
[BlackFideId "4680928"]
[EventCountry "GER"]
[EventRounds "7"]
[EventType "team-swiss"]
[EventDate "2003.10.18"]

1. e4 c5 2. Nf3 Nc6 3. d4 cxd4 4. Nxd4 Nf6 5. Nc3 d6 6. Bg5 e6 7. Qd2 Be7 8.
O-O-O O-O 9. Bc4 Nxd4 10. Qxd4 Qa5 11. f4 Rd8 12. Kb1 Bd7 13. Rhe1 Bc6 14. Bb3
Rd7 15. g3 Rc8 16. Qd3 b5 17. f5 exf5 18. exf5 b4 19. Bxf6 Bxf6 20. Nd5 Bxd5
21. Qxd5 Qd8 22. Ba4 Re7 23. Rxe7 Bxe7 24. Bb3 Qf8 25. Qb7 a5 26. Re1 Bf6 27.
Bxf7+ Kh8 28. Re6 Rd8 29. Bh5 Be5 30. Qf7 Qxf7 31. Bxf7 Rf8 32. Kc1 Rc8 33. b3
Rf8 34. Kd2 Rc8 35. Re8+ Rxe8 36. Bxe8 Kg8 37. Kd3 Kf8 38. Bc6 Bf6 39. Kc4 Bd8
40. c3 bxc3 41. Kxc3 Bb6 42. b4 axb4+ 43. Kxb4 Ke7 44. a4 Kd8 45. a5 Bc5+ 46.
Kc4 Ke7 47. Kd5 h6 48. g4 Kd8 49. a6 Kc7 50. h4 Kb6 51. Bb7 Bf2 52. g5 Bxh4 53.
f6 gxf6 54. g6 1-0

[Event "Deutsche Ländermeisterschaft 2003"]
[Site "Kassel GER"]
[Date "2003.10.19"]
[Round "1"]
[White "Plenca, Julijan"]
[Black "Beltz, Carmen"]
[Result "1-0"]
[Termination "normal"]
[Board "2.5"]
[WhiteElo "2059"]
[BlackElo "1752"]
[WhiteTeam "Württemberg"]
[BlackTeam "Sachsen"]
[PlyCount "75"]
[WhiteFideId "14508044"]
[BlackFideId "24608726"]
[EventCountry "GER"]
[EventRounds "7"]
[EventType "team-swiss"]
[EventDate "2003.10.18"]

1. e4 c5 2. Nf3 d6 3. d4 cxd4 4. Nxd4 Nf6 5. Nc3 g6 6. Be3 Bg7 7. f3 Nc6 8. Qd2
O-O 9. O-O-O Nxd4 10. Bxd4 Be6 11. Kb1 Qc7 12. g4 Rfc8 13. h4 Qa5 14. Qg5 Qxg5
15. hxg5 Nd7 16. Bxg7 Kxg7 17. Be2 f6 18. gxf6+ Nxf6 19. Nb5 Rc5 20. Nd4 Bf7
21. Rhe1 Rac8 22. c3 Ra5 23. a3 Nd7 24. f4 Nb6 25. g5 Na4 26. Bg4 Rc4 27. e5
dxe5 28. fxe5 Nb6 29. Ne6+ Bxe6 30. Bxe6 Rc6 31. Bb3 Nc4 32. Bxc4 Rxc4 33. Rd7
Kf7 34. e6+ Ke8 35. Rxb7 Rd5 36. Rxa7 Rg4 37. Rh1 Rgxg5 38. Rxh7 1-0

[Event "Deutsche Ländermeisterschaft 2003"]
[Site "Kassel GER"]
[Date "2003.10.19"]
[Round "1"]
[White "Hänse, Felix"]
[Black "Zikeli, Saskia"]
[Result "0-1"]
[Termination "normal"]
[Board "2.6"]
[WhiteElo "1735"]
[BlackElo "1867"]
[WhiteTeam "Sachsen"]
[BlackTeam "Württemberg"]
[PlyCount "114"]
[BlackFideId "24601543"]
[EventCountry "GER"]
[EventRounds "7"]
[EventType "team-swiss"]
[EventDate "2003.10.18"]

1. Nf3 Nf6 2. d3 d5 3. g3 c6 4. Bg2 Nbd7 5. O-O e5 6. Nbd2 Bd6 7. c4 O-O 8. a3
Qe7 9. Re1 e4 10. Nh4 e3 11. Nb3 exf2+ 12. Kxf2 Ne5 13. Kg1 dxc4 14. Nd2 Bc5+
15. Kh1 Neg4 16. Rf1 Ne3 17. Qa4 b5 18. Qa5 Nxf1 19. Nxf1 Qxe2 20. Qd2 cxd3 21.
b4 Bd4 22. Ra2 Ng4 23. Qxe2 dxe2 24. Rxe2 Nf2+ 25. Kg1 Nd3+ 26. Be3 Bxe3+ 27.
Rxe3 Nb2 28. Bxc6 Rb8 29. Re7 a6 30. Ne3 Be6 31. Nd5 Rfc8 32. Ra7 Rd8 33. Nf5
Bxf5 34. Ne7+ Kf8 35. Nxf5 Rb6 36. Bd5 Rf6 37. Ne3 Nd1 38. Ng4 Rxd5 39. Nxf6
gxf6 40. Rxa6 Kg7 41. Rc6 Nb2 42. Rc3 Kg6 43. Rc2 Na4 44. Rc7 Rd1+ 45. Kg2 Ra1
46. Rb7 Nc3 47. Ra7 Nb1 48. a4 Ra2+ 49. Kf3 Rxa4 50. Rb7 Rxb4 51. g4 Nc3 52.
Rb8 Kg7 53. h4 Rb1 54. Kf4 b4 55. g5 fxg5+ 56. Kxg5 b3 57. h5 h6+ 0-1

[Event "Deutsche Ländermeisterschaft 2003"]
[Site "Kassel GER"]
[Date "2003.10.19"]
[Round "1"]
[White "Sörös, Martin-Wolfgang"]
[Black "Dünzel, Jonas"]
[Result "1-0"]
[Termination "normal"]
[Board "2.7"]
[WhiteElo "1656"]
[BlackElo "1180"]
[WhiteTeam "Württemberg"]
[BlackTeam "Sachsen"]
[PlyCount "45"]
[BlackFideId "24631167"]
[EventCountry "GER"]
[EventRounds "7"]
[EventType "team-swiss"]
[EventDate "2003.10.18"]

1. e4 b6 2. d4 Bb7 3. Bd3 e6 4. Nf3 c5 5. c3 Nf6 6. Qe2 h6 7. O-O Nc6 8. d5 Ne7
9. c4 d6 10. Nc3 Ng6 11. e5 Nxe5 12. Nxe5 dxe5 13. dxe6 fxe6 14. Bg6+ Ke7 15.
Qxe5 Qd6 16. Qe2 Qc6 17. f3 Rd8 18. Bf4 Ba6 19. b3 Kd7 20. Rad1+ Kc8 21. Bf7
Be7 22. Bxe6+ Kb7 23. Nd5 1-0

[Event "Deutsche Ländermeisterschaft 2003"]
[Site "Kassel GER"]
[Date "2003.10.19"]
[Round "1"]
[White "Demmler, Julia"]
[Black "Zikeli, Julia"]
[Result "0-1"]
[Termination "normal"]
[Board "2.8"]
[WhiteElo "1156"]
[BlackElo "1466"]
[WhiteTeam "Sachsen"]
[BlackTeam "Württemberg"]
[PlyCount "138"]
[BlackFideId "24622753"]
[EventCountry "GER"]
[EventRounds "7"]
[EventType "team-swiss"]
[EventDate "2003.10.18"]

1. e4 e6 2. d4 d5 3. exd5 exd5 4. Bf4 Nf6 5. Nc3 c6 6. Nf3 Bg4 7. Be2 Bd6 8.
Bxd6 Qxd6 9. O-O O-O 10. h3 Bh5 11. Re1 Nbd7 12. Nd2 Bxe2 13. Rxe2 Rfe8 14. Qf1
Rxe2 15. Nxe2 Re8 16. Nc3 Nf8 17. a3 Re6 18. Re1 Qf4 19. Nf3 Ne4 20. Qd3 Nd2
21. Rxe6 Nxf3+ 22. Qxf3 Qxf3 23. gxf3 Nxe6 24. Ne2 Kf8 25. Kg2 Ke7 26. Kg3 Kf6
27. c3 Kf5 28. Nc1 Nf4 29. a4 g5 30. Nb3 Nd3 31. Na5 Nxb2 32. Nxb7 Nxa4 33. Na5
Nxc3 34. Nxc6 Nb5 35. Nb4 Ke6 36. Nc2 f5 37. f4 gxf4+ 38. Kxf4 h6 39. h4 a5 40.
Ke3 a4 41. Nb4 a3 42. Na2 f4+ 43. Kxf4 Nxd4 44. Kg4 Nf5 45. h5 Ke5 46. Kf3 Kd4
47. Ke2 Ke4 48. f3+ Kd4 49. Kd2 Ng3 50. f4 Nxh5 51. f5 Ke5 52. Kc3 Kxf5 53. Kb3
Ng3 54. Kxa3 h5 55. Nc3 d4 56. Nd1 Ke4 57. Kb3 Kd3 58. Kb2 Kd2 59. Nf2 d3 60.
Nh3 Ke1 61. Nf4 d2 62. Nd3+ Ke2 63. Nf4+ Kd1 64. Ng2 Nf5 65. Nf4 h4 66. Kb1 Ke1
67. Nd3+ Kf1 68. Kc2 h3 69. Kxd2 h2 0-1

[Event "Deutsche Ländermeisterschaft 2003"]
[Site "Kassel GER"]
[Date "2003.10.19"]
[Round "1"]
[White "Nazarenus, Moritz"]
[Black "Korotkevych, Stanislav"]
[Result "0-1"]
[Termination "normal"]
[Board "3.1"]
[WhiteElo "2111"]
[BlackElo "2320"]
[WhiteTeam "Hessen 2"]
[BlackTeam "Nordrhein-Westfalen"]
[PlyCount "70"]
[WhiteFideId "4670540"]
[BlackFideId "14107309"]
[EventCountry "GER"]
[EventRounds "7"]
[EventType "team-swiss"]
[EventDate "2003.10.18"]

1. d4 Nf6 2. c4 Nc6 3. Nc3 e5 4. d5 Ne7 5. e4 Ng6 6. Be3 Bb4 7. f3 Bxc3+ 8.
bxc3 d6 9. c5 O-O 10. Qd2 Nd7 11. cxd6 cxd6 12. Bd3 Qc7 13. Ne2 Nc5 14. Bc2 Bd7
15. O-O Bb5 16. Rab1 Bc4 17. a4 a6 18. Rb4 b5 19. axb5 axb5 20. Rfb1 Ra3 21.
Nc1 Rfa8 22. R4b2 Nf8 23. Bd1 Nfd7 24. Qe1 Nb6 25. Bd2 Bd3 26. Bc2 Bc4 27. Bd1
Nba4 28. Rc2 Nd3 29. Qe3 Qc5 30. Qxc5 Naxc5 31. Be2 Nxc1 32. Bxc4 bxc4 33. Bxc1
Rb3 34. Rcb2 Nd3 35. Rxb3 cxb3 0-1

[Event "Deutsche Ländermeisterschaft 2003"]
[Site "Kassel GER"]
[Date "2003.10.19"]
[Round "1"]
[White "Fiebig, Thomas"]
[Black "Kuhn, Ulf"]
[Result "1-0"]
[Termination "normal"]
[Board "3.2"]
[WhiteElo "2262"]
[BlackElo "2013"]
[WhiteTeam "Nordrhein-Westfalen"]
[BlackTeam "Hessen 2"]
[PlyCount "39"]
[WhiteFideId "4693922"]
[BlackFideId "4693604"]
[EventCountry "GER"]
[EventRounds "7"]
[EventType "team-swiss"]
[EventDate "2003.10.18"]

1. e4 g6 2. d4 Bg7 3. Nf3 c6 4. Nc3 d5 5. Be2 Bg4 6. Be3 e6 7. h3 Bxf3 8. Bxf3
Qb6 9. Qd2 Nf6 10. O-O-O h5 11. Rhe1 Nbd7 12. Bg5 dxe4 13. Nxe4 Nxe4 14. Bxe4
c5 15. c3 cxd4 16. Be3 dxe3 17. Qxd7+ Kf8 18. fxe3 Bh6 19. Rd6 Qc5 20. Bxg6 1-0

[Event "Deutsche Ländermeisterschaft 2003"]
[Site "Kassel GER"]
[Date "2003.10.19"]
[Round "1"]
[White "Elstner, Eik"]
[Black "Rehberg, Raphael"]
[Result "1-0"]
[Termination "normal"]
[Board "3.3"]
[WhiteElo "2078"]
[BlackElo "2042"]
[WhiteTeam "Hessen 2"]
[BlackTeam "Nordrhein-Westfalen"]
[PlyCount "65"]
[WhiteFideId "24605581"]
[BlackFideId "4686799"]
[EventCountry "GER"]
[EventRounds "7"]
[EventType "team-swiss"]
[EventDate "2003.10.18"]

1. d4 d5 2. c4 c6 3. Nf3 e6 4. Nbd2 Nf6 5. g3 Nbd7 6. Qc2 Bd6 7. Bg2 O-O 8. O-O
Qe7 9. e4 Nxe4 10. Nxe4 dxe4 11. Qxe4 e5 12. dxe5 Nxe5 13. Bf4 Ng6 14. Qxe7
Bxe7 15. Be3 Be6 16. b3 Rad8 17. Bxa7 Bf6 18. Bc5 Bxa1 19. Bxf8 Nxf8 20. Rxa1
c5 21. Ng5 b6 22. Ne4 f6 23. Nc3 Rd3 24. Rc1 Nd7 25. Be4 Rd2 26. Rd1 Rxd1+ 27.
Nxd1 Kf7 28. Nc3 Ne5 29. Na4 Nd7 30. f4 Ke7 31. Bc6 Kd6 32. Bxd7 Bxd7 33. Nxb6
1-0

[Event "Deutsche Ländermeisterschaft 2003"]
[Site "Kassel GER"]
[Date "2003.10.19"]
[Round "1"]
[White "Poetsch, Hagen"]
[Black "Beckmann, Emanuel"]
[Result "1-0"]
[Termination "normal"]
[Board "3.5"]
[WhiteElo "1717"]
[BlackElo "1858"]
[WhiteTeam "Hessen 2"]
[BlackTeam "Nordrhein-Westfalen"]
[PlyCount "59"]
[WhiteFideId "24615137"]
[BlackFideId "24608025"]
[EventCountry "GER"]
[EventRounds "7"]
[EventType "team-swiss"]
[EventDate "2003.10.18"]

1. e4 c5 2. Nf3 e6 3. d4 cxd4 4. Nxd4 a6 5. c4 Qc7 6. Nc3 Nc6 7. Be3 Nf6 8. Be2
Bb4 9. f3 d5 10. exd5 exd5 11. O-O dxc4 12. Bxc4 Bd6 13. Nxc6 Bxh2+ 14. Kh1
bxc6 15. Bc5 Bd7 16. Qb3 Rb8 17. Rfe1+ Be6 18. Qa3 Be5 19. Bxe6 fxe6 20. f4
Bxf4 21. Rxe6+ Kf7 22. Re7+ Qxe7 23. Bxe7 Nh5 24. Ne2 Be5 25. Rf1+ Nf6 26. Bxf6
gxf6 27. Qxa6 Rxb2 28. Qxc6 h5 29. Nf4 Rg8 30. Qd7+ 1-0